Practical biotransformation: (Record no. 8814)

MARC details
000 -LEADER
fixed length control field 00579nam a22002057a 4500
003 - CONTROL NUMBER IDENTIFIER
control field OSt
005 - DATE AND TIME OF LATEST TRANSACTION
control field 20240625122006.0
008 - FIXED-LENGTH DATA ELEMENTS--GENERAL INFORMATION
fixed length control field 240625b |||||||| |||| 00| 0 eng d
020 ## - INTERNATIONAL STANDARD BOOK NUMBER
International Standard Book Number 978`405193672
040 ## - CATALOGING SOURCE
Transcribing agency MUST
082 ## - DEWEY DECIMAL CLASSIFICATION NUMBER
Edition number 22
Classification number 572.45 GRO 2009
100 ## - MAIN ENTRY--PERSONAL NAME
Personal name Grogan, Gideon
9 (RLIN) 17810
245 ## - TITLE STATEMENT
Title Practical biotransformation:
Remainder of title A beginners guide/
Statement of responsibility, etc. Gideon Grogan
260 ## - PUBLICATION, DISTRIBUTION, ETC. (IMPRINT)
Name of publisher, distributor, etc. wiley
Date of publication, distribution, etc. 2009
300 ## - PHYSICAL DESCRIPTION
Extent xii, 331p.
Other physical details ill. ;
Accompanying material 24cm
440 ## - SERIES STATEMENT/ADDED ENTRY--TITLE
Title postgraduate chemistry series
9 (RLIN) 17811
504 ## - BIBLIOGRAPHY, ETC. NOTE
Bibliography, etc includes appendices and index
650 ## - SUBJECT ADDED ENTRY--TOPICAL TERM
Source of heading or term chemestry
942 ## - ADDED ENTRY ELEMENTS (KOHA)
Source of classification or shelving scheme Dewey Decimal Classification
Koha item type Open Shelf
Holdings
Withdrawn status Lost status Source of classification or shelving scheme Damaged status Not for loan Home library Current library Date acquired Inventory number Total Checkouts Full call number Barcode Date last seen Price effective from Koha item type
    Dewey Decimal Classification     MUST Main Library MUST Main Library 25/06/2024 11/34893   572.45 GRO 2009 2024-21242 25/06/2024 25/06/2024 Open Shelf